[Event "Madrid-chT 1213 Honor"]
[Site "Madrid"]
[Date "2013.02.03"]
[Round "8.34"]
[White "Herrera, Irisberto"]
[Black "Lopez del Alamo, Antonio"]
[Result "1/2-1/2"]
[WhiteElo "2444"]
[BlackElo "2241"]
[PlyCount "72"]
[EventDate "2012.11.18"]
[EventType "team"]
[EventRounds "14"]
[EventCountry "ESP"]
[SourceTitle "EXT 2014"]
[Source "ChessBase"]
[SourceDate "2013.11.20"]
[SourceVersion "1"]
[SourceVersionDate "2013.11.20"]
[SourceQuality "1"]
[WhiteTeam "Collado Villalba"]
[BlackTeam "Villalba 64"]
[WhiteTeamCountry "ESP"]
[BlackTeamCountry "ESP"]

1. e4 c5 2. Nf3 e6 3. d4 cxd4 4. Nxd4 Nf6 5. Bd3 Nc6 6. Be3 e5 7. Nxc6 dxc6 8. h3 Bd6 9. Nd2 Qe7 10. 0-0 0-0 11. Nc4 Bc5 12. Bg5 h6 13. Bh4 Qe6 14. Ne3 Bxe3 15. fxe3 Nd7 16. b4 f6 17. Qe2 Qe7 18. c3 Nb6 19. a4 Be6 20. a5 Nc8 21. Rfd1 Nd6 22. c4 Nf7 23. c5 a6 24. Rf1 Rad8 25. Bc2 Rd7 26. Be1 Rfd8 27. Bc3 Ng5 28. h4 Nh7 29. Rad1 Nf8 30. Rxd7 Rxd7 31. Rd1 Qd8 32. Rxd7 Qxd7 33. Qd1 Qxd1+ 34. Bxd1 Bc4 35. Kf2 Kf7 36. g4 g5 1/2-1/2

[Event "Madrid-chT 1213 Honor"]
[Site "Madrid"]
[Date "2012.12.02"]
[Round "3.25"]
[White "Herrera, Irisberto"]
[Black "Rabadan Velasco, Raul"]
[Result "1-0"]
[WhiteElo "2444"]
[BlackElo "2310"]
[PlyCount "93"]
[EventDate "2012.11.18"]
[EventType "team"]
[EventRounds "14"]
[EventCountry "ESP"]
[SourceTitle "EXT 2014"]
[Source "ChessBase"]
[SourceDate "2013.11.20"]
[SourceVersion "1"]
[SourceVersionDate "2013.11.20"]
[SourceQuality "1"]
[WhiteTeam "Collado Villalba"]
[BlackTeam "Virgen de Atocha"]
[WhiteTeamCountry "ESP"]
[BlackTeamCountry "ESP"]

1. e4 c5 2. Nf3 d6 3. d4 cxd4 4. Nxd4 Nf6 5. Nc3 e6 6. Be2 a6 7. a4 b6 8. 0-0 Bb7 9. Bd3 Nbd7 10. Kh1 Be7 11. f4 0-0 12. Qe2 Qc7 13. Bd2 Rfe8 14. Rae1 Nc5 15. Qf2 d5 16. e5 Nfe4 17. Bxe4 Nxe4 18. Nxe4 dxe4 19. c3 Bf8 20. Be3 Bd5 21. Qg3 Kh8 22. f5 exf5 23. Nxf5 Qxe5 24. Qxe5 Rxe5 25. Bxb6 a5 26. Nd4 Ra6 27. Bc7 Re7 28. Rf5 Rd7 29. Bg3 f6 30. h3 g6 31. Rf2 f5 32. Rd2 Bh6 33. Be5+ Kg8 34. Rdd1 Bc4 35. Nxf5 Bd2 36. Nh6+ Kf8 37. Rxe4 Bb3 38. Rf1+ Ke7 39. Bd4+ Kd8 40. Ng4 Kc8 41. Ne5 Re7 42. Rf8+ Kb7 43. Nd3 Rxe4 44. Nc5+ Kc6 45. Nxe4 Bc1 46. Rf6+ Kd5 47. Rxa6 1-0

[Event "ESP-chT Honor Gp2"]
[Site "Sabadell"]
[Date "2008.09.04"]
[Round "2"]
[White "Cruz, Cristhian"]
[Black "Herrera, Irisberto"]
[Result "1-0"]
[WhiteElo "2508"]
[BlackElo "2458"]
[PlyCount "55"]
[EventDate "2008.09.03"]
[EventType "team"]
[EventRounds "5"]
[EventCountry "ESP"]
[SourceTitle "CBM 126"]
[Source "ChessBase"]
[SourceDate "2008.10.01"]
[SourceVersion "1"]
[SourceVersionDate "2008.10.01"]
[SourceQuality "1"]

1. d4 Nf6 2. c4 e6 3. Nc3 Bb4 4. Qc2 Nc6 5. Nf3 0-0 6. a3 Bxc3+ 7. Qxc3 Ne4 8. Qc2 f5 9. e3 d5 10. b4 Bd7 11. Bd3 Be8 12. Bb2 a6 13. Ne5 Nd6 14. 0-0-0 Qe7 15. cxd5 exd5 16. g4 a5 17. b5 Nxe5 18. dxe5 Nxb5 19. gxf5 Qh4 20. Rhg1 Ra6 21. e6 Rf6 22. Bxb5 Bxb5 23. Rxd5 h6 24. Rxg7+ Kxg7 25. Qxc7+ Kf8 26. Rd8+ Be8 27. Rxe8+ Kxe8 28. Qd7+ 1-0

[Event "ESP-chT Honor Gp1"]
[Site "Lugo"]
[Date "2007.06.24"]
[Round "5"]
[White "Vehi Bach, Victor Manuel"]
[Black "Herrera, Irisberto"]
[Result "1/2-1/2"]
[WhiteElo "2377"]
[BlackElo "2442"]
[PlyCount "72"]
[EventDate "2007.06.20"]
[EventType "team"]
[EventRounds "5"]
[EventCountry "ESP"]
[SourceTitle "CBM 119"]
[Source "ChessBase"]
[SourceDate "2007.08.01"]
[SourceVersion "1"]
[SourceVersionDate "2007.08.01"]
[SourceQuality "1"]

1. e4 c5 2. Nf3 d6 3. d4 cxd4 4. Nxd4 Nf6 5. Nc3 a6 6. Be3 Ng4 7. Bc1 Nf6 8. Be3 e5 9. Nde2 Be6 10. f4 Be7 11. f5 Bd7 12. Ng3 h5 13. Bc4 h4 14. Nge2 Bc6 15. Nd5 Nxd5 16. Bxd5 Nd7 17. c4 Nf6 18. Nc3 Rc8 19. Qb3 Bxd5 20. Nxd5 Nxd5 21. cxd5 Qa5+ 22. Kf2 Qb5 23. Rac1 Qxb3 24. Rxc8+ Kd7 25. Rc7+ Kxc7 26. Rc1+ Kd7 27. axb3 Bd8 28. Kf3 g6 29. fxg6 fxg6 30. Kg4 Rf8 31. h3 Rf7 32. Rc2 Rf1 33. Re2 Be7 34. Bf2 Bd8 35. Be3 Be7 36. Bf2 Bd8 1/2-1/2

[Event "ESP-chT Honor Gp1"]
[Site "Lugo"]
[Date "2007.06.21"]
[Round "2"]
[White "Herrera, Irisberto"]
[Black "Perez Candelario, Manuel"]
[Result "1/2-1/2"]
[WhiteElo "2442"]
[BlackElo "2511"]
[PlyCount "67"]
[EventDate "2007.06.20"]
[EventType "team"]
[EventRounds "5"]
[EventCountry "ESP"]
[SourceTitle "CBM 119"]
[Source "ChessBase"]
[SourceDate "2007.08.01"]
[SourceVersion "1"]
[SourceVersionDate "2007.08.01"]
[SourceQuality "1"]

1. e4 e5 2. Nf3 Nc6 3. Bb5 a6 4. Ba4 Nf6 5. 0-0 Be7 6. Re1 b5 7. Bb3 d6 8. c3 0-0 9. d4 Bg4 10. Be3 exd4 11. cxd4 Na5 12. Bc2 Nc4 13. Bc1 Nd7 14. b3 Ncb6 15. Nbd2 Re8 16. h3 Bh5 17. g4 Bg6 18. Nf1 c5 19. d5 Bf6 20. Rb1 a5 21. Ng3 h6 22. a4 bxa4 23. bxa4 Rb8 24. Kg2 Nc4 25. Rxb8 Qxb8 26. Nd2 Ncb6 27. f4 Nxd5 28. Nc4 N7b6 29. Nxb6 Nxb6 30. f5 Bh7 31. Nh5 Be5 32. g5 hxg5 33. Bxg5 Nd7 34. Bb3 1/2-1/2

[Event "ESP-chT Honor Gp1"]
[Site "Lugo"]
[Date "2007.06.20"]
[Round "1"]
[White "Bellon Lopez, Juan Manuel"]
[Black "Herrera, Irisberto"]
[Result "1/2-1/2"]
[WhiteElo "2425"]
[BlackElo "2442"]
[PlyCount "124"]
[EventDate "2007.06.20"]
[EventType "team"]
[EventRounds "5"]
[EventCountry "ESP"]
[SourceTitle "CBM 119"]
[Source "ChessBase"]
[SourceDate "2007.08.01"]
[SourceVersion "1"]
[SourceVersionDate "2007.08.01"]
[SourceQuality "1"]

1. d4 d5 2. c4 e6 3. Nf3 Nf6 4. Nc3 Bb4 5. Bg5 c5 6. cxd5 exd5 7. e3 0-0 8. Qc2 c4 9. a3 Bxc3+ 10. bxc3 Nbd7 11. Ne5 Re8 12. Nxd7 Bxd7 13. Be2 h6 14. Bxf6 Qxf6 15. Bf3 Bf5 16. Qb2 Qc6 17. 0-0 b5 18. a4 bxa4 19. Qa2 a5 20. Rfc1 Reb8 21. Qxa4 Qxa4 22. Rxa4 Bd7 23. Ra3 Bc6 24. Bd1 a4 25. Kf1 Kf8 26. Ke1 Ke7 27. Rca1 Rb6 28. Kd2 f5 29. Bc2 g6 30. Rb1 Rxb1 31. Bxb1 Kd6 32. Bc2 Rb8 33. Kc1 Ra8 34. Kb2 Rb8+ 35. Ka1 Ra8 36. Ra2 a3 37. h4 h5 38. Bd1 Bd7 39. Rd2 Rb8 40. Ka2 f4 41. exf4 Bf5 42. f3 Bd3 43. Ba4 Rf8 44. g3 Rf7 45. Bc2 Bxc2 46. Rxc2 Re7 47. Kxa3 Re3 48. Kb4 Rxf3 49. Ra2 Rxg3 50. Ra6+ Ke7 51. Kc5 Rxc3 52. Kxd5 Rf3 53. Ke4 Rg3 54. Rc6 c3 55. d5 Kd7 56. Ke5 Re3+ 57. Kf6 Rg3 58. Ke5 Re3+ 59. Kd4 Rf3 60. Rxc3 Rxf4+ 61. Ke5 Rxh4 62. Rg3 Rg4 1/2-1/2

[Event "Collado Villalba op-A 21st"]
[Site "Collado Villalba"]
[Date "2004.08.27"]
[Round "5"]
[White "Herrera, Irisberto"]
[Black "Vazquez Igarza, Renier"]
[Result "1/2-1/2"]
[WhiteElo "2431"]
[BlackElo "2457"]
[PlyCount "73"]
[EventDate "2004.08.23"]
[EventType "swiss"]
[EventRounds "9"]
[EventCountry "ESP"]
[SourceTitle "EXT 2006"]
[Source "ChessBase"]
[SourceDate "2005.11.24"]
[SourceVersion "1"]
[SourceVersionDate "2005.11.24"]
[SourceQuality "1"]

1. e4 c5 2. Nf3 Nc6 3. d4 cxd4 4. Nxd4 Qc7 5. Nb5 Qb8 6. Be3 a6 7. N5c3 e6 8. Na4 Qc7 9. Nb6 Rb8 10. Nd2 Nf6 11. Bd3 Ne5 12. Nbc4 Nxc4 13. Bxc4 b5 14. Bd3 Bb7 15. f4 d5 16. e5 d4 17. Bxd4 Nd5 18. Ne4 Nxf4 19. 0-0 Nxd3 20. Qxd3 Rd8 21. c3 Bxe4 22. Qxe4 Bc5 23. Rf4 0-0 24. Raf1 Bxd4+ 25. cxd4 Rc8 26. Qf3 Rcd8 27. Qh5 Rd7 28. Rg4 Kh8 29. Qg5 Rg8 30. h3 Qc4 31. Rc1 h6 32. Qe3 Qxa2 33. Rh4 Kh7 34. Rf1 g5 35. Qe4+ Rg6 36. Rg4 Qd5 37. Qc2 1/2-1/2

[Event "Ortigueira op 3rd"]
[Site "Ortigueira"]
[Date "2004.08.10"]
[Round "8"]
[White "Collazo Hidalgo Gato, Niala"]
[Black "Herrera, Irisberto"]
[Result "1/2-1/2"]
[WhiteElo "2221"]
[BlackElo "2442"]
[PlyCount "25"]
[EventDate "2004.08.03"]
[EventType "swiss"]
[EventRounds "9"]
[EventCountry "ESP"]
[SourceTitle "CBM 101 Extra"]
[Source "ChessBase"]
[SourceDate "2004.09.01"]
[SourceVersion "2"]
[SourceVersionDate "2004.09.01"]
[SourceQuality "1"]

1. e4 e5 2. Nf3 Nc6 3. Bb5 a6 4. Ba4 Nf6 5. 0-0 Be7 6. Re1 b5 7. Bb3 d6 8. c3 0-0 9. d4 Bg4 10. Be3 Na5 11. Bc2 exd4 12. cxd4 c5 13. Nbd2 1/2-1/2

[Event "Ortigueira op 3rd"]
[Site "Ortigueira"]
[Date "2004.08.09"]
[Round "7"]
[White "Herrera, Irisberto"]
[Black "Strikovic, Aleksa"]
[Result "1-0"]
[WhiteElo "2442"]
[BlackElo "2478"]
[PlyCount "79"]
[EventDate "2004.08.03"]
[EventType "swiss"]
[EventRounds "9"]
[EventCountry "ESP"]
[SourceTitle "CBM 101 Extra"]
[Source "ChessBase"]
[SourceDate "2004.09.01"]
[SourceVersion "2"]
[SourceVersionDate "2004.09.01"]
[SourceQuality "1"]

1. e4 d6 2. d4 Nf6 3. Nc3 e5 4. Nf3 Nbd7 5. Bc4 Be7 6. 0-0 0-0 7. Re1 c6 8. a4 a5 9. b3 exd4 10. Nxd4 Nc5 11. Qf3 Qb6 12. Nf5 Bxf5 13. Qxf5 Nfd7 14. Re3 Bf6 15. Rg3 Kh8 16. Bg5 Qd8 17. Bd2 g6 18. Qh3 Qe7 19. Re1 Rae8 20. Bh6 Bg7 21. Rge3 Nf6 22. Bxg7+ Kxg7 23. f4 Qd8 24. Qf3 Re7 25. h3 Rfe8 26. Kh1 Nfd7 27. Qd1 Nb6 28. Bf1 Kg8 29. Qd2 Re6 30. Qd4 Qe7 31. R3e2 Qh4 32. e5 Nbd7 33. Ne4 dxe5 34. fxe5 Rxe5 35. g3 Qh5 36. Nf6+ Nxf6 37. Rxe5 Rxe5 38. Rxe5 Qf3+ 39. Bg2 Qxg3 40. Qxc5 1-0

[Event "Ortigueira op 3rd"]
[Site "Ortigueira"]
[Date "2004.08.08"]
[Round "5"]
[White "Herrera, Irisberto"]
[Black "Ramiro Ovejero, Juan Luis"]
[Result "1/2-1/2"]
[WhiteElo "2442"]
[BlackElo "2269"]
[PlyCount "80"]
[EventDate "2004.08.03"]
[EventType "swiss"]
[EventRounds "9"]
[EventCountry "ESP"]
[SourceTitle "CBM 101 Extra"]
[Source "ChessBase"]
[SourceDate "2004.09.01"]
[SourceVersion "2"]
[SourceVersionDate "2004.09.01"]
[SourceQuality "1"]

1. e4 e6 2. d4 d5 3. Nc3 Bb4 4. e5 c5 5. a3 Bxc3+ 6. bxc3 Qa5 7. Bd2 Qa4 8. Qb1 c4 9. h4 Nc6 10. h5 h6 11. g4 Bd7 12. Ne2 0-0-0 13. Ng3 Nge7 14. f4 Rdf8 15. g5 g6 16. f5 gxf5 17. gxh6 Ng8 18. Qc1 f6 19. exf6 Nxf6 20. Bf4 e5 21. dxe5 Re8 22. Bg2 Nxe5 23. 0-0 Neg4 24. Qd2 Qa5 25. Qd4 Qb6 26. Qxb6 axb6 27. Rad1 Ne3 28. Bxe3 Rxe3 29. Nxf5 Bxf5 30. Rxf5 Rxh6 31. Bxd5 Nxd5 32. Rdxd5 Rxc3 33. Rf7 Rxc2 34. Rdd7 Rxh5 35. Rc7+ Kb8 36. Rxb7+ Kc8 37. Rfc7+ Kd8 38. Rg7 Kc8 39. Rbc7+ Kb8 40. Rb7+ Kc8 1/2-1/2

[Event "Galapagar op 05th"]
[Site "Galapagar"]
[Date "2004.08.01"]
[Round "9"]
[White "Penalosa Pinilla, Jesus"]
[Black "Herrera, Irisberto"]
[Result "0-1"]
[WhiteElo "2123"]
[BlackElo "2442"]
[PlyCount "90"]
[EventDate "2004.07.24"]
[EventType "swiss"]
[EventRounds "9"]
[EventCountry "ESP"]
[SourceTitle "CBM 101 Extra"]
[Source "ChessBase"]
[SourceDate "2004.09.01"]
[SourceVersion "2"]
[SourceVersionDate "2004.09.01"]
[SourceQuality "1"]

1. e4 c5 2. Nf3 Nc6 3. d4 cxd4 4. Nxd4 Qc7 5. Nc3 e6 6. Be3 a6 7. Be2 Nf6 8. 0-0 Ne5 9. f4 Nc4 10. Bxc4 Qxc4 11. e5 Nd5 12. Nxd5 Qxd5 13. Qf3 Qxf3 14. Rxf3 b5 15. Nb3 Bb7 16. Rf2 Rc8 17. Rd2 f6 18. Rad1 Bd5 19. Bd4 f5 20. Nc1 Be7 21. Nd3 h6 22. b4 g5 23. Bc5 Bd8 24. c3 Rg8 25. Rf2 g4 26. Rfd2 a5 27. a3 axb4 28. cxb4 Ra8 29. Ra1 h5 30. Nb2 Be7 31. Bxe7 Kxe7 32. Nd3 h4 33. Nc5 g3 34. h3 Rgd8 35. Rd3 d6 36. exd6+ Rxd6 37. Re3 Bc4 38. Rae1 Kf6 39. Kh1 Re8 40. Nb3 Red8 41. Na5 Bd5 42. Kg1 Rc8 43. R3e2 Rc3 44. Rd2 Rd7 45. Kf1 Rdc7 0-1

[Event "Galapagar op 05th"]
[Site "Galapagar"]
[Date "2004.07.30"]
[Round "7"]
[White "Herrera, Irisberto"]
[Black "Ruiz Saiz, Agustin"]
[Result "0-1"]
[WhiteElo "2442"]
[BlackElo "2202"]
[PlyCount "58"]
[EventDate "2004.07.24"]
[EventType "swiss"]
[EventRounds "9"]
[EventCountry "ESP"]
[SourceTitle "CBM 101 Extra"]
[Source "ChessBase"]
[SourceDate "2004.09.01"]
[SourceVersion "2"]
[SourceVersionDate "2004.09.01"]
[SourceQuality "1"]

1. e4 c5 2. Nf3 e6 3. d4 cxd4 4. Nxd4 Nf6 5. Nc3 Nc6 6. Ndb5 Bb4 7. a3 Bxc3+ 8. Nxc3 d5 9. Bd3 dxe4 10. Nxe4 Nxe4 11. Bxe4 Qxd1+ 12. Kxd1 0-0 13. f4 e5 14. f5 Rd8+ 15. Bd2 Nd4 16. Rf1 Bd7 17. Bxb7 Rab8 18. Ba5 Bb5 19. Bxd8 Bxf1 20. Kd2 Bb5 21. Bc7 Rxb7 22. Bxe5 Nxf5 23. b3 f6 24. Bb2 Rd7+ 25. Kc3 Ne3 26. Kb4 Bc6 27. Kc5 Bxg2 28. c4 Rc7+ 29. Kd6 Rb7 0-1

[Event "Galapagar op 05th"]
[Site "Galapagar"]
[Date "2004.07.28"]
[Round "5"]
[White "Herrera, Irisberto"]
[Black "Ventas Cosano, David"]
[Result "1-0"]
[WhiteElo "2442"]
[BlackElo "2147"]
[PlyCount "117"]
[EventDate "2004.07.24"]
[EventType "swiss"]
[EventRounds "9"]
[EventCountry "ESP"]
[SourceTitle "CBM 101 Extra"]
[Source "ChessBase"]
[SourceDate "2004.09.01"]
[SourceVersion "2"]
[SourceVersionDate "2004.09.01"]
[SourceQuality "1"]

1. e4 d5 2. exd5 Qxd5 3. Nc3 Qa5 4. d4 Nf6 5. Nf3 c6 6. Bc4 Bf5 7. Bd2 e6 8. Qe2 Nbd7 9. d5 cxd5 10. Nxd5 Qd8 11. Nxf6+ gxf6 12. Bc3 a6 13. Rd1 Qc7 14. Nd4 Bg6 15. Bxe6 fxe6 16. Nxe6 Qc6 17. Nc7+ Kf7 18. Nxa8 Bb4 19. Bxb4 Re8 20. Qxe8+ Kxe8 21. 0-0 b6 22. Rfe1+ Kd8 23. Re7 Be8 24. Rde1 Bg6 25. Rg7 Kc8 26. Re3 Qd5 27. Rxd7 Qxa8 28. Rxh7 Bxh7 29. Re8+ Kb7 30. Rxa8 Kxa8 31. g4 Kb7 32. Kg2 Kc6 33. Bc3 f5 34. g5 Kd5 35. Kf3 Ke6 36. Kf4 Bg6 37. b3 Bh5 38. Bd4 b5 39. c4 bxc4 40. bxc4 Bf7 41. c5 Bg6 42. a3 Kd5 43. Be3 Ke6 44. h4 Be8 45. Bd4 Bg6 46. Be5 Kd5 47. Bd6 Ke6 48. Bf8 Be8 49. f3 Kf7 50. Kxf5 Kxf8 51. Kf6 Bc6 52. f4 Bf3 53. f5 a5 54. g6 a4 55. Kg5 Be4 56. h5 Kg8 57. h6 Bd5 58. h7+ Kh8 59. Kf6 1-0

[Event "San Sebastian de los Reyes 3rd"]
[Site "San Sebastian"]
[Date "2004.04.06"]
[Round "5.3"]
[White "Lopez del Alamo, Antonio"]
[Black "Herrera, Irisberto"]
[Result "1-0"]
[WhiteElo "2274"]
[BlackElo "2431"]
[PlyCount "67"]
[EventDate "2004.04.03"]
[EventType "tourn"]
[EventRounds "9"]
[EventCountry "ESP"]
[EventCategory "5"]
[SourceTitle "CBM 099 Extra"]
[Source "ChessBase"]
[SourceDate "2004.05.04"]
[SourceVersion "1"]
[SourceVersionDate "2004.05.04"]
[SourceQuality "1"]

1. e4 c5 2. Nf3 Nc6 3. Bb5 g6 4. Bxc6 dxc6 5. d3 Bg7 6. h3 e5 7. Be3 Qe7 8. Qd2 h6 9. Qc3 b6 10. b4 a5 11. bxc5 b5 12. 0-0 f5 13. exf5 gxf5 14. Re1 Kf8 15. d4 e4 16. Bf4 Qe6 17. Bd6+ Ne7 18. Ne5 Bxe5 19. dxe5 Rg8 20. f3 Rg3 21. Nd2 Kf7 22. Bxe7 Kxe7 23. Qd4 Qd5 24. Qf2 Rg6 25. fxe4 Qg8 26. Re2 f4 27. Rd1 Ke8 28. Qh4 Be6 29. Nf3 Qg7 30. Rd6 Bxa2 31. Red2 Be6 32. Qh5 Qf7 33. Kh1 Kf8 34. Nh4 1-0

[Event "San Sebastian de los Reyes 3rd"]
[Site "San Sebastian"]
[Date "2004.04.05"]
[Round "3.2"]
[White "Zlotnik, Boris A"]
[Black "Herrera, Irisberto"]
[Result "1/2-1/2"]
[WhiteElo "2424"]
[BlackElo "2431"]
[PlyCount "23"]
[EventDate "2004.04.03"]
[EventType "tourn"]
[EventRounds "9"]
[EventCountry "ESP"]
[EventCategory "5"]
[SourceTitle "CBM 099 Extra"]
[Source "ChessBase"]
[SourceDate "2004.05.04"]
[SourceVersion "1"]
[SourceVersionDate "2004.05.04"]
[SourceQuality "1"]

1. d4 Nf6 2. c4 e6 3. Nf3 b6 4. Nc3 Bb7 5. e3 Be7 6. Bd3 0-0 7. 0-0 d5 8. cxd5 exd5 9. b3 Nbd7 10. Bb2 Re8 11. Qe2 a5 12. Rfd1 1/2-1/2

[Event "San Sebastian de los Reyes 3rd"]
[Site "San Sebastian"]
[Date "2004.04.03"]
[Round "1.1"]
[White "Herrera, Irisberto"]
[Black "Braga, Fernando Alberto"]
[Result "1/2-1/2"]
[WhiteElo "2431"]
[BlackElo "2443"]
[PlyCount "24"]
[EventDate "2004.04.03"]
[EventType "tourn"]
[EventRounds "9"]
[EventCountry "ESP"]
[EventCategory "5"]
[SourceTitle "CBM 099 Extra"]
[Source "ChessBase"]
[SourceDate "2004.05.04"]
[SourceVersion "1"]
[SourceVersionDate "2004.05.04"]
[SourceQuality "1"]

1. e4 c5 2. Nf3 Nc6 3. d4 cxd4 4. Nxd4 g6 5. Nc3 Bg7 6. Be3 Nf6 7. Bc4 Qa5 8. 0-0 0-0 9. Bb3 d6 10. h3 Bd7 11. f4 Qh5 12. Qxh5 Nxh5 1/2-1/2

[Event "Albacete op 11th"]
[Site "Albacete"]
[Date "2003.09.04"]
[Round "5"]
[White "Ibarra Jerez, Jose Carlos"]
[Black "Herrera, Irisberto"]
[Result "1/2-1/2"]
[WhiteElo "2387"]
[BlackElo "2432"]
[PlyCount "83"]
[EventDate "2003.09.01"]
[EventType "swiss"]
[EventRounds "9"]
[EventCountry "ESP"]
[SourceTitle "CBM 096 Extra"]
[Source "ChessBase"]
[SourceDate "2003.10.22"]
[SourceVersion "2"]
[SourceVersionDate "2003.10.20"]
[SourceQuality "1"]

1. e4 c5 2. Nf3 e6 3. d4 cxd4 4. Nxd4 Nf6 5. Nc3 Nc6 6. Ndb5 Bb4 7. a3 Bxc3+ 8. Nxc3 d5 9. Bd3 d4 10. Ne2 e5 11. 0-0 Bg4 12. h3 Bh5 13. Qd2 Bg6 14. Ng3 Nd7 15. Qe2 0-0 16. Qg4 Nf6 17. Qf3 Ne8 18. Bd2 Nd6 19. Rae1 Qd7 20. h4 f5 21. exf5 Nxf5 22. Qg4 Rad8 23. Ne4 Nd6 24. Qxd7 Rxd7 25. Nc5 Re7 26. Bxg6 hxg6 27. Bg5 Ree8 28. f3 b6 29. Nd3 Rf7 30. Rf2 Rc7 31. Rfe2 Nf7 32. f4 Nxg5 33. hxg5 Rec8 34. fxe5 Ne7 35. Re4 Rxc2 36. Rxd4 Rd2 37. Rd7 Rcc2 38. Rxe7 Rxg2+ 39. Kf1 Rh2 40. Kg1 Rhg2+ 41. Kf1 Rh2 42. Kg1 1/2-1/2

[Event "Albacete op 11th"]
[Site "Albacete"]
[Date "2003.09.03"]
[Round "4"]
[White "Herrera, Irisberto"]
[Black "Garcia Martinez, Silvino"]
[Result "1/2-1/2"]
[WhiteElo "2432"]
[BlackElo "2380"]
[PlyCount "22"]
[EventDate "2003.09.01"]
[EventType "swiss"]
[EventRounds "9"]
[EventCountry "ESP"]
[SourceTitle "CBM 096 Extra"]
[Source "ChessBase"]
[SourceDate "2003.10.22"]
[SourceVersion "2"]
[SourceVersionDate "2003.10.20"]
[SourceQuality "1"]

1. e4 d5 2. exd5 Qxd5 3. Nc3 Qd6 4. d4 a6 5. Nf3 Nf6 6. Be3 b5 7. Bd3 Bb7 8. Qe2 Nbd7 9. 0-0-0 e6 10. Rhg1 Nb6 11. Ne5 b4 1/2-1/2

[Event "Albacete op 11th"]
[Site "Albacete"]
[Date "2003.09.02"]
[Round "2"]
[White "Herrera, Irisberto"]
[Black "Castillo Gallego, Sergio"]
[Result "1-0"]
[WhiteElo "2432"]
[BlackElo "2196"]
[PlyCount "52"]
[EventDate "2003.09.01"]
[EventType "swiss"]
[EventRounds "9"]
[EventCountry "ESP"]
[SourceTitle "CBM 096 Extra"]
[Source "ChessBase"]
[SourceDate "2003.10.22"]
[SourceVersion "2"]
[SourceVersionDate "2003.10.20"]
[SourceQuality "1"]

1. e4 e5 2. Nf3 Nc6 3. Bb5 Nge7 4. 0-0 g6 5. d4 exd4 6. Nxd4 Bg7 7. Be3 0-0 8. f4 d5 9. e5 f6 10. Bxc6 bxc6 11. exf6 Bxf6 12. c3 c5 13. Nb3 c4 14. Nc5 Nf5 15. Bf2 Re8 16. Re1 d4 17. Rxe8+ Qxe8 18. Nd2 Ne3 19. Nde4 Nxd1 20. Nxf6+ Kf7 21. Nxe8 Nxf2 22. Nxc7 Rb8 23. Kxf2 Rxb2+ 24. Kf3 dxc3 25. Rc1 c2 26. Kg3 Bf5 1-0

[Event "Collado Villalba op-A 20th"]
[Site "Collado Villalba"]
[Date "2003.08.28"]
[Round "7"]
[White "Suba, Mihai"]
[Black "Herrera, Irisberto"]
[Result "1-0"]
[WhiteElo "2495"]
[BlackElo "2430"]
[PlyCount "81"]
[EventDate "2003.08.22"]
[EventType "swiss"]
[EventRounds "9"]
[EventCountry "ESP"]
[SourceTitle "EXT 2004"]
[Source "ChessBase"]
[SourceDate "2003.11.25"]
[SourceVersion "1"]
[SourceVersionDate "2003.11.25"]
[SourceQuality "1"]

1. Nf3 c5 2. g3 Nc6 3. d4 cxd4 4. Nxd4 e6 5. Bg2 Qb6 6. Nb3 d5 7. 0-0 Nf6 8. Be3 Qd8 9. c4 dxc4 10. Bxc6+ bxc6 11. Qxd8+ Kxd8 12. Na5 Nd5 13. Bd2 f6 14. Rc1 Ba6 15. Nxc4 Ke8 16. Ba5 Be7 17. Nbd2 Kf7 18. Ne4 Kg6 19. Kf1 Rab8 20. b3 Bc8 21. Be1 Bd7 22. f3 Rb5 23. Ned6 Rbb8 24. Bf2 Nb6 25. Ne4 Rhd8 26. Bc5 Bxc5 27. Nxc5 Nxc4 28. Rxc4 Bc8 29. Rg4+ Kf7 30. Ra4 Ra8 31. Rc1 Ke7 32. f4 Rd5 33. Ke1 Rh5 34. h4 g5 35. fxg5 fxg5 36. hxg5 Rxg5 37. Rh4 Rg7 38. Kf2 a5 39. Rch1 Kd6 40. Ne4+ Ke5 41. Ke3 1-0

[Event "Collado Villalba op-A 20th"]
[Site "Collado Villalba"]
[Date "2003.08.26"]
[Round "5"]
[White "Herrera, Irisberto"]
[Black "Vallejo Diaz, Jesus"]
[Result "1-0"]
[WhiteElo "2430"]
[BlackElo "2145"]
[PlyCount "101"]
[EventDate "2003.08.22"]
[EventType "swiss"]
[EventRounds "9"]
[EventCountry "ESP"]
[SourceTitle "EXT 2004"]
[Source "ChessBase"]
[SourceDate "2003.11.25"]
[SourceVersion "1"]
[SourceVersionDate "2003.11.25"]
[SourceQuality "1"]

1. e4 c5 2. Nf3 e6 3. d4 cxd4 4. Nxd4 a6 5. Bd3 Bc5 6. Nb3 Ba7 7. Qe2 Nc6 8. 0-0 d6 9. Be3 Nge7 10. c4 e5 11. Nc3 Be6 12. Rad1 0-0 13. Bb1 Qb8 14. Nd5 Bxe3 15. fxe3 b5 16. c5 Rd8 17. cxd6 Rxd6 18. Nc5 Qa7 19. Nxe6 Rxe6 20. a3 Rf8 21. Ba2 Rd6 22. Rf3 Ng6 23. Rdf1 Nd8 24. h4 Nxh4 25. Rh3 Ng6 26. Qh5 h6 27. Kh2 Kh7 28. Nf6+ Rxf6 29. Rxf6 Qe7 30. Rf5 Ne6 31. Rg3 Rc8 32. Qg4 Rc6 33. Bd5 Rb6 34. Bxe6 Rxe6 35. Rf2 Rd6 36. Rgf3 Rf6 37. Rxf6 gxf6 38. Qc8 Qd6 39. Qc2 Qb6 40. Qd2 Nf8 41. b4 Kg7 42. Qd3 Ne6 43. Rc2 Ng5 44. Rc8 Qe6 45. Qd8 Kg6 46. Kg3 Nxe4+ 47. Kh4 Ng5 48. e4 h5 49. Qg8+ Kh6 50. Qh8+ Nh7 51. Rg8 1-0

[Event "Ortigueira op 2nd"]
[Site "Ortigueira"]
[Date "2003.08.10"]
[Round "8"]
[White "Pomes Marcet, Juan"]
[Black "Herrera, Irisberto"]
[Result "0-1"]
[WhiteElo "2375"]
[BlackElo "2430"]
[PlyCount "118"]
[EventDate "2003.08.03"]
[EventType "swiss"]
[EventRounds "9"]
[EventCountry "ESP"]
[SourceTitle "EXT 2004"]
[Source "ChessBase"]
[SourceDate "2003.11.25"]
[SourceVersion "1"]
[SourceVersionDate "2003.11.25"]
[SourceQuality "1"]

1. d4 Nf6 2. c4 g6 3. Nc3 d5 4. cxd5 Nxd5 5. e4 Nxc3 6. bxc3 Bg7 7. Nf3 c5 8. Rb1 0-0 9. Be2 Nc6 10. d5 Ne5 11. Nxe5 Bxe5 12. Rb3 e6 13. f4 Bg7 14. c4 Re8 15. Bf3 exd5 16. cxd5 c4 17. Re3 Qa5+ 18. Qd2 c3 19. Qd3 Bd7 20. e5 Rac8 21. a3 Bb5 22. Qc2 f6 23. e6 Bf8 24. Be4 Ba4 25. Qe2 c2+ 26. Qd2 Qxd2+ 27. Kxd2 f5 28. Bf3 b5 29. Rhe1 Bd6 30. g3 b4 31. Bb2 b3 32. Kc1 a5 33. Rd3 Rc4 34. Rde3 Re7 35. Rd3 Kf8 36. Ree3 Rec7 37. Re1 Ke7 38. Rde3 Rb7 39. Rd3 Be8 40. Ree3 a4 41. Re1 Bb5 42. Rd2 Rb8 43. Bg2 h6 44. Rf2 Be8 45. Rf3 Rbc8 46. Rf2 Rc3 47. Bf1 R3c5 48. Bg2 h5 49. Re3 h4 50. Rd3 Rc4 51. Bh1 Bb5 52. Rdd2 Rc3 53. Rf3 Rxf3 54. Bxf3 Bc5 55. Be2 Bxe2 56. Rxe2 Rd8 57. Re5 hxg3 58. hxg3 Rh8 59. Re1 Rh2 0-1